|
|
|
|
| LEADER |
01042nam a2200265 a 4500 |
| 001 |
3125945 |
| 008 |
090908s1970 nyu b 001 0 eng d |
| 010 |
|
|
|a \\\69020056
|
| 020 |
|
|
|a 0070527903
|
| 040 |
|
|
|a DLC
|c DLC
|d DLC
|
| 082 |
0 |
0 |
|a 378.774RIE
|2 17
|
| 100 |
1 |
|
|a Riesman, David,
|d 1909-2002.
|
| 245 |
1 |
0 |
|a Academic values and mass education /
|c by David Riesman, Joseph Gusfield and Zelda Gamson.
|
| 250 |
|
|
|a 1st ed.
|
| 260 |
|
|
|a Garden City, N.Y. :
|b McGraw Hill Book Company,
|c 1970.
|
| 300 |
|
|
|a xxix, 332 p.
|c 22 cm.
|
| 504 |
|
|
|a Bibliography: p. [287]-298.
|
| 541 |
1 |
|
|e 00001604
|
| 610 |
2 |
0 |
|a Wayne State University, Detroit.
|b Monteith College
|x History.
|
| 610 |
2 |
0 |
|a Oakland University
|x History.
|
| 700 |
1 |
|
|a Gusfield, Joseph R.,
|d 1923-
|e joint author.
|
| 700 |
1 |
|
|a Gamson, Zelda F.,
|e joint author.
|
| 852 |
4 |
|
|a Ayesha Abed Library
|j General shelf
|
| 999 |
|
|
|c 8423
|d 8423
|
| 952 |
|
|
|0 0
|1 0
|2 ddc
|4 0
|6 378_774000000000000_RIE_1970
|7 0
|9 9841
|a BRACUL
|b BRACUL
|c GEN
|d 2010-05-06
|g 434.50
|l 0
|o 378.774 RIE
|p 3010001604
|r 2010-05-06
|t 1
|w 2010-05-06
|y BK
|